Normal view
MARC view
Entry Geographic Name
001 - CONTROL NUMBER
- control field: 48061
003 - CONTROL NUMBER IDENTIFIER
- control field: ARRUPE
005 - DATE AND TIME OF LATEST TRANSACTION
- control field: 20190905105343.0
008 - FIXED-LENGTH DATA ELEMENTS
- fixed length control field: 190905|| aca||aabn | a|a d
040 ## - CATALOGING SOURCE
- Original cataloging agency: ARRUPE
- Transcribing agency: ARRUPE
151 ## - HEADING--GEOGRAPHIC NAME
- Geographic name: Tanzania
- General subdivision: Economic development
670 ## - SOURCE DATA FOUND
- Source citation: Work cat.: (ARRUPE): Mtombeni, Bonginkosi 48060, If necessity is the mother of invention, systematic aid to africa ought to be stopped, Tanzania, a case study, 2016